TEXT BOOK OF OPERATIVE DENTISTRY (Record no. 9572)

MARC details
000 -LEADER
fixed length control field 00302nam a22001337a 4500
082 ## - DEWEY DECIMAL CLASSIFICATION NUMBER
Classification number 617.6342 ,O15G
100 ## - MAIN ENTRY--PERSONAL NAME
Personal name GARG ,NISHA
245 ## - TITLE STATEMENT
Title TEXT BOOK OF OPERATIVE DENTISTRY
250 ## - EDITION STATEMENT
Edition statement 3RD
260 ## - PUBLICATION, DISTRIBUTION, ETC. (IMPRINT)
Place of publication, distribution, etc DELHI
Name of publisher, distributor, etc JAYPEE HEALTH SCIENCES
Year of Publication 2015
300 ## - PAGE DESCRIPTION
No. of Pages 524
650 ## - SUBJECT ADDED ENTRY--TOPICAL TERM
Topical term or geographic name as entry element CONS
942 ## - ADDED ENTRY ELEMENTS (KOHA)
Source of classification or shelving scheme Dewey Decimal Classification
Koha item type Books
942 ## - ADDED ENTRY ELEMENTS (KOHA)
-- 42
Holdings
Withdrawn status Lost status Source of classification or shelving scheme Damaged status Not for loan Home library Current library Shelving location Date acquired Vendor Name Cost, normal purchase price SGTU Total Checkouts Full call number Accession No. (Barcode) Date last seen Date last borrowed Bill Date Koha item type
    Dewey Decimal Classification     SGT Dental Library SGT Dental Library Text Book 21/07/2016 ABC 0.00 SGTU 29 617.6342 ,O15G FD7333 12/01/2026 12/12/2025 21/07/2016 Books
    Dewey Decimal Classification     SGT Dental Library SGT Dental Library Text Book 21/07/2016 ABC 0.00 SGTU 20 617.6342 ,O15G FD7334 25/02/2026 25/02/2026 21/07/2016 Books